000 00549nam a2200205Ia 4500
005 20250923145344.0
008 008 250917s9999 xx 000 0 eng d
037 _aTextual
040 _aDSWL
_beng
_cDSWL
041 _aeng
_2eng
084 _qDSWL
100 _aSeshadri, K.
_9834426
245 0 _aPolitical linkeges and Rural Development
_c by K. Seshadri
260 _aNew Delhi
_b National Pub. House
_c1976
300 _avi,233p.
365 _aINR
_b45 . 0
925 _g45 . 0
942 _cTEXL
999 _c1450389
_d1450389